00329nam a2200121Ia 4500008004100000041000800041082001800049100001700067245004500084260003800129300003100167365000900198240624s9999 xx 000 0 und d aeng a332.60285 LEI aLEITZES ADAM aBULLS BEARS AND BRAINS INVESTING WITH TH c2002aNew YorkbJohn Wiley & Sons axii, : 320 : p. : cm. ; 23 cb28